000 00405cam a2200169ua 4500
041 _aeng
_h
082 _a828.09
_bMID/SW
100 _aMiddleton Murray, J .
245 _aSwift /
_cJ Middleton murray.
_hTextual Documents
250 _a1 /
_b.
260 _aLondon :
_bLongman Green and Co ,
_c1961.
300 _a43 ; .
504 _a
942 _cBK
999 _c6856
_d6856